„Tanya az idő bezárult kapuja mögött" Kiskunhalas és környéke, Harkakőtöny

Elmentve itt :
Bibliográfiai részletek
Szerző: Szalai Mariann
További közreműködők: T. Molnár Gizella (Témavezető)
Dokumentumtípus: Szakdolgozat
Megjelent: 2008
Tárgyszavak:
Online Access:http://diploma.bibl.u-szeged.hu/108474
LEADER 00901nta a2200217 i 4500
001 dipl108474
005 20210226145526.0
008 210226s2008 hu om 0|| zxx d
040 |a SZTE Diploma Repozitórium  |b hun 
041 |a zxx 
100 1 |a Szalai Mariann 
245 1 0 |a „Tanya az idő bezárult kapuja mögött" Kiskunhalas és környéke, Harkakőtöny  |h [elektronikus dokumentum] /  |c Mariann Szalai 
246 1 0 |a „Farm behind the closed gate of the time” Kiskunhalas and its outskirts, Harkakötöny  |h [elektronikus dokumentum] 
260 |c 2008 
650 4 |a Pedagógusképzés 
650 4 |a Social sciences 
650 4 |a Media and communications 
650 4 |a Media and socio-cultural communication 
650 4 |a Cultural studies, cultural diversity 
700 2 |a T. Molnár Gizella  |e ths 
856 4 0 |u http://diploma.bibl.u-szeged.hu/id/eprint/108474/1/2008_szalai_mariann.pdf  |z Dokumentum-elérés